Top 75 Greatest NBA Players of All Time according to stats - Statistics

General Stats
  • This quiz has been taken 253 times
  • The average score is 50 of 75
Answer Stats
# Answer % Correct
2 LeBron James
99%
1 Michael Jordan
99%
4 Wilt Chamberlain
96%
6 Kobe Bryant
94%
11 Larry Bird
93%
7 Magic Johnson
93%
9 Tim Duncan
93%
5 Bill Russell
92%
16 Stephen Curry
92%
10 Shaquille O'Neal
91%
27 Jerry West
90%
8 Kevin Durant
88%
18 Karl Malone
86%
23 Moses Malone
86%
35 Julius Erving
85%
3 Kareem Abdul-Jabaar
85%
13 Hakeem Olajuwon
84%
24 James Harden
83%
49 Kyrie Irving
83%
45 Russell Westbrook
83%
43 Scottie Pippen
82%
15 David Robinson
80%
31 John Stockton
79%
26 Kevin Garnett
79%
39 Allen Iverson
77%
25 Charles Barkley
76%
47 Dwyane Wade
76%
17 Chris Paul
75%
19 Dirk Nowitzki
75%
30 Giannis Antetokounmpo
75%
38 Dennis Johnson
74%
33 Dennis Rodman
74%
44 Ray Allen
74%
21 Bob Cousy
73%
37 Jason Kidd
73%
12 Oscar Robertson
72%
64 Paul Pierce
72%
28 Steve Nash
72%
32 Isiah Thomas
70%
53 Tony Parker
68%
22 Kawhi Leonard
67%
52 Klay Thompson
66%
55 Carmelo Anthony
65%
71 Nikola Jokic
65%
14 Bob Pettit
64%
41 Reggie Miller
64%
69 Anthony Davis
62%
54 Elgin Baylor
62%
42 Luka Doncic
62%
29 John Havlicek
61%
75 Kevin Mchale
60%
57 Tracy Mcgrady
60%
59 James Worthy
59%
50 Damian Lillard
58%
51 Gary Payton
58%
46 Joel Embiid
52%
66 Bill Walton
51%
60 George Gervin
51%
34 George Mikan
51%
36 Wes Unseld
50%
67 Elvin Hayes
48%
58 Bobby Jones
47%
73 Bob Mcadoo
44%
63 Joe Dumars
42%
20 Willis Reed
42%
72 Derrick Rose
41%
62 Rajon Rondo
41%
65 Chauncey Billups
40%
68 Tim Hardaway
40%
40 Dave Cowens
39%
48 Dolph Schayes
38%
56 Nate Thurmond
32%
74 Nate Archibald
31%
70 Artis Gilmore
23%
61 Walt Bellamy
12%
No matching quizzes found
Score Distribution
Percent of People with Each Score
Percentile by Number Answered
Your Score History
You have not taken this quiz